000 00238nam a2200097Ia 4500
008 240331s9999 xx 000 0 und d
082 _bFER
100 _aFernando ,V
245 4 _aThe Migrant Housemaid :
_bVol.28, No.2-August 1989
942 _cL
999 _c5443
_d5443